| 000 | 00691nam a2200229 a 4500 | ||
|---|---|---|---|
| 001 | 72557 | ||
| 003 | BD-RjUL | ||
| 005 | 20211209082257.0 | ||
| 008 | 170521s1965 nyua 001 0 eng | ||
| 035 | _a(BD-RjUL)72775 | ||
| 040 |
_aDLC _cDLC _dMCL _dOCL _dm.c. _dMYG _dBD-RjUL _beng |
||
| 041 | _aeng | ||
| 082 |
_223 _a571.86 _bBOM 1965 |
||
| 100 | 1 |
_aBonner, James, _d1910-1996. _9214622 |
|
| 245 | 1 | 4 |
_aThe molecular biology of development / _cBy James Bonner. |
| 260 |
_aNew York : _bOxford University Press, _cc1965. |
||
| 300 |
_avi, 155 p. : _bill. ; _c22 cm. |
||
| 500 | _aIncludes index. | ||
| 650 | 0 |
_aBiochemical genetics. _9202749 |
|
| 650 | 0 |
_aEmbryology. _9214623 |
|
| 942 |
_2ddc _cBK |
||
| 999 |
_c72557 _d72557 |
||